000 01186cam a2200229 4500
001 ABS68286
008 041001n2004 000 0 eng u
035 _a(Sirsi) u127608
100 _aSpring, M.
245 _aRegeneration boatspotting
260 _c2004
490 _aBuilding
_v269(8347) 3 September 2004, 46-48(3)
520 _aDescribes the revival of Edinburgh as it transforms itself into a vibrant city complete with a technology led economy and modern, well designed buildings. In particular, its waterfront is going through a regeneration, a full 10 mile stretch of former docks and heavy industry lining the Firth of Forth at a projected cost of over £1bn. Notes that Edinburgh is predicted to grow by 6.2% between 2000 and 2015 (which is an extra 48 500 people) and this is reflected in the waterfront developments which will include 15 000 new homes and 230 000m of office and business space, social facilities and schools. With a list of Edinburgh's development zones.
590 _aABS
590 _aABS
650 _aEDINBURGH
650 _aSCOTLAND
650 _aRIVERSIDE
650 _aRIVERSIDE DEVELOPMENT
690 _aREGENERATION
942 _n0
999 _c118111
_d118111